000 00391cam a22001217a 4500
008 180718b1985 xxu||||| |||| 00| 0 eng d
082 _aA81x54 In2/81/30/PT6A&B
100 _aCensus of India 1981
245 _aLakshadweep: fertility tables
260 _aDelhi
_bThe Controller of Publications
_c1985
300 _a407+p.
440 _aCensus of India 1981. Series-30, Lakshadweep. Part VI-A & B
999 _c482503
_d482503